Detalles MARC
| 000 -LIDER |
| fixed length control field |
01585nam a22002777a 4500 |
| 001 - NÚMERO DE CONTROL |
| Identificador de número de control |
000348 |
| 003 - IDENTIFICACDOR DE NÚMERO DE CONTROL |
| control field |
DO-SdBNP |
| 005 - DATE AND TIME OF LATEST TRANSACTION |
| control field |
20171109093812.0 |
| 007 - CAMPOS FIJOS DE DESCRIPCIÓN FÍSICA |
| fixed length control field |
000348 |
| 008 - ELEMENTOS DE LONGITUD FIJA |
| fixed length control field |
160704b 2007 nyu xxu||||| |||| 00| 0 spa d |
| 020 ## - ISBN |
| International Standard Book Number |
9781594201318 |
| 040 ## - FUENTE DE CATALOGACIÓN |
| Agencia que crea de manera original el registro |
BPMSU |
| Idioma de catalogación |
spa |
| Agencia que realiza la transcripción |
BPMSU |
| 082 #4 - NÚMERO DE CLASIFICACIÓN DECIMAL DE DEWEY |
| Classification number |
330.0922 |
| Item number |
G815a |
| 100 1# - ASIENTO PRINCIPAL -- NOMBRE PERSONAL |
| Nombre personal |
Greenspan, Alan, |
| Fechas asociadas con el nombre |
1926- |
| 245 10 - MENCIÓN DE TITULO |
| Título |
The age of turbulence : |
| Subtítulo |
adventures in a new world / |
| Mención de responsabilidad |
Alan Greenspan. |
| 260 0# - PUBLICACIÓN, DISTRIBUCIÓN, ETC. (PIE DE IMPRENTA) |
| Lugar de publicación, distribución, etc |
New York : |
| Nombre del editor, distribuidor, etc. |
Penguin Books, |
| Fecha de publicación, distribución, etc |
2007. |
| 300 ## - DESCRIPCIÓN FÍSICA |
| Extensión |
531 p. : |
| Otros detalles físicos |
il. ; |
| Dimensiones |
25 cm. |
| 505 0# - NOTA DE CONTENIDO |
| Título |
City kid -- |
| -- |
The making of an economist -- |
| -- |
Economics meets politics -- |
| -- |
Private citizen -- |
| -- |
Black Monday -- |
| -- |
The fall of the wall -- |
| -- |
A Democrat's agenda -- |
| -- |
Irrational exuberance -- |
| -- |
Millennium fever -- |
| -- |
Downturn -- |
| -- |
The nation challenged -- |
| -- |
The universals of economic growth -- |
| -- |
The modes of capitalism -- |
| -- |
The choices that await China -- |
| -- |
The tigers and the elephant -- |
| -- |
Russia's sharp elbows -- |
| -- |
Latin America and populism -- |
| -- |
Current accounts and debt -- |
| -- |
Globalization and regulation -- |
| -- |
The "conundrum" -- |
| -- |
Education and income inequality -- |
| -- |
The world retires. But can it afford to? -- |
| -- |
Corporate governance -- |
| -- |
The long-term energy squeeze -- |
| -- |
The Delphic future -- |
| -- |
Acknowledgments -- |
| -- |
A note on sources. |
| 600 ## - ENCABEZAMIENTO DE MATERIA--NOMBRE PERSONAL |
| Nombre personal |
GREENSPAN, ALAN |
| Fechas asociadas con el nombre |
1926- |
| 650 #4 - ENCABEZAMIENTO DE MATERIA--TEMÁTICO |
| Término temático o nombre geográfico como elemento de entrada |
ECONOMISTAS NORTEAMERICANOS |
| Subdivisión temática general |
BIOGRAFÍAS |
| 651 #4 - ENCABEZAMIENTO DE MATERIA--NOMBRE GEOGRÁFICO |
| Nombre geográfico |
ESTADOS UNIDOS |
| Subdivisión temática general |
CONDICIONES ECONÓMICAS |
| Subdivisión cronológica |
1945- |
| 910 ## - VALIDACIÓN |
| Validación |
Validado. Control de calidad MFF |
| 942 ## - ADDED ENTRY ELEMENTS (KOHA) |
| Source of classification or shelving scheme |
Dewey Decimal Classification |
| Koha item type |
Libros |
| 945 ## - INFORMACIÓN DE PROCESAMIENTO LOCAL |
| Información de procesamiento local |
Inventariado, 2017/MFF |
| 956 ## - LOCAL ELECTRONIC LOCATION AND ACCESS (OCLC) |
| Método de acceso |
LOPEREZ |
| Materiales especificados |
10 |
| Enlace |
20160704 |
| Campo enlazado y núm. de secuencia |
BPMSU |
| Nombre de host |
00041 |